| 000 | 00444nam a22001337a 4500 | ||
|---|---|---|---|
| 082 |
_a500 _bSHA/T |
||
| 100 | _aNAVDEEP SHARMA, CINNI MALHOTRA, MUNISH RATTI | ||
| 245 |
_aTOOLS FOR FORMATIVE ASSESSMENTS IN SCIENCE _bCLASS IX |
||
| 260 |
_aJALANDHAR _bS.DINESH & CO |
||
| 300 | _a327 | ||
| 520 | _aINCLUDES RECORD SHEETS FOR FA1, FA2, FA3 AND FA4, ACTIVITIES BEYOND TEXTBOOKS, MCQS | ||
| 650 |
_aSCIENCE ASSESSMENTS FOR CLASS IX _zINDIA |
||
| 942 | _cBK | ||
| 999 |
_c929 _d929 |
||